Vienna : (Record no. 13311)

MARC details
000 -LEADER
fixed length control field 00898cam a22002651i 4500
001 - CONTROL NUMBER
control field 6435877
003 - CONTROL NUMBER IDENTIFIER
control field EG-ScBUE
005 - DATE AND TIME OF LATEST TRANSACTION
control field 20230816113741.0
008 - FIXED-LENGTH DATA ELEMENTS--GENERAL INFORMATION
fixed length control field 750428s1938 nyuf f 000 0 eng d
035 ## - SYSTEM CONTROL NUMBER
System control number (OCoLC)1300376
040 ## - CATALOGING SOURCE
Original cataloging agency DLC
Language of cataloging eng
Description conventions rda
Transcribing agency TxDW
Modifying agency OCoLC
-- DLC
-- EG-ScBUE
082 04 - DEWEY DECIMAL CLASSIFICATION NUMBER
Classification number 914.3613
Edition number 22
Item number CRA
100 1# - MAIN ENTRY--PERSONAL NAME
Personal name Crankshaw, Edward,
Relator term author.
9 (RLIN) 11090
245 10 - TITLE STATEMENT
Title Vienna :
Remainder of title the image of a culture in decline /
Statement of responsibility, etc by Edward Crankshaw.
264 #1 - PUBLICATION, DISTRIBUTION, ETC. (IMPRINT)
Place of publication, distribution, etc New York :
Name of publisher, distributor, etc The Macmillan Company,
Date of publication, distribution, etc 1938.
300 ## - PHYSICAL DESCRIPTION
Extent ix, 253 pages :
Other physical details plates ;
Dimensions 21 cm
336 ## - CONTENT TYPE
Source rdacontent
Content type term text
Content type code txt
337 ## - MEDIA TYPE
Source rdamedia
Media type term unmediated
Media type code n
338 ## - CARRIER TYPE
Source rdacarrier
Carrier type term volume
Carrier type code nc
651 #7 - SUBJECT ADDED ENTRY--GEOGRAPHIC NAME
Geographic name Vienna (Austria)
General subdivision Description and travel.
Source of heading or term BUEsh
9 (RLIN) 11092
651 #7 - SUBJECT ADDED ENTRY--GEOGRAPHIC NAME
Geographic name Vienna (Austria)
General subdivision Intellectual life.
Source of heading or term BUEsh
9 (RLIN) 11093
655 ## - INDEX TERM--GENRE/FORM
Form subdivision Reading book
942 ## - ADDED ENTRY ELEMENTS (KOHA)
Source of classification or shelving scheme Dewey Decimal Classification
Koha item type Book - Borrowing
Holdings
Withdrawn status Lost status Source of classification or shelving scheme Damaged status Not for loan Collection code Home library Current library Shelving location Date acquired Source of acquisition Total Checkouts Full call number Barcode Date last seen Price effective from Koha item type
    Dewey Decimal Classification     Donation-Gift Central Library Central Library Second Floor 08/02/2010 Donation   914.3613 CRA 000019683 15/07/2025 08/02/2010 Book - Borrowing